logo

Bir Sreshtho Munshi Abdur Rouf Library
Jhenaidah Cadet College

An introduction to theoretical physical chemistry / (Record no. 8313)

MARC details
000 -LEADER
fixed length control field 00813cam a22002771 4500
001 - CONTROL NUMBER
JCCL Control Number 8313
003 - CONTROL NUMBER IDENTIFIER
JCCL marc code BD-JhCC
005 - DATE AND TIME OF LATEST TRANSACTION
control field 20180712122625.0
008 - FIXED-LENGTH DATA ELEMENTS--GENERAL INFORMATION
fixed length control field 730123s1961 mau b 000 0 eng
035 ## - SYSTEM CONTROL NUMBER
system control number (BD-JhCC)8313
035 ## - SYSTEM CONTROL NUMBER
system control number (OCoLC)544912
040 ## - CATALOGING SOURCE
Original cataloging agency DLC
Transcribing agency ODaWU
Modifying agency OCoLC
-- Uk
-- DLC
-- BD-JhCC
041 ## - LANGUAGE CODE
Language code of Book eng
050 00 - LIBRARY OF CONGRESS CALL NUMBER
Classification number QD453
Item number .G64
082 ## - DEWEY DECIMAL CLASSIFICATION NUMBER
Classification number 541
Author mark and Year GOLG 1961
100 1# - MAIN ENTRY--PERSONAL NAME
Personal name Golden, Sidney.
245 13 - TITLE STATEMENT
Title An introduction to theoretical physical chemistry /
Statement of responsibility, etc Sidney Golden,
260 ## - PUBLICATION, DISTRIBUTION, ETC. (IMPRINT)
Place of publication, distribution, etc Reading, Mass.,
Name of publisher, distributor, etc Addison-Wesley Pub. Co.
Date of publication, distribution, etc [1961]
300 ## - PHYSICAL DESCRIPTION
Pagination 307 p.
Dimensions 24 cm.
440 #0 -
Title Addison-Wesley series in chemistry
504 ## - BIBLIOGRAPHY, ETC. NOTE
Bibliography, etc Includes bibliography.
650 #0 - SUBJECT ADDED ENTRY--TOPICAL TERM
Topical term or geographic name as entry element Chemistry, Physical and theoretical.
740 0# -
Uncontrolled related/analytical title Theoretical physical chemistry.
942 ## - ADDED ENTRY ELEMENTS (KOHA)
Source of classification or shelving scheme Dewey Decimal Classification
Koha item type Books
Holdings
Source of classification or shelving scheme Damaged status Not for loan Home library Current library Shelving location Total Checkouts Full call number Barcode Date last seen Copy number Koha item type
Dewey Decimal Classification     JCC Rouf Library JCC Rouf Library General Stacks   541 GOLG 1961 10964 02/22/2018 C - 1 Books

JCC Library | Contacts | JCC Home

Last Update on 23 September 2017
Copyright @ 2017-2020 JCC Rouf Library
Rouf Library, Jhenidah Cadet College (JCC), Bangladesh